| 000 | 00000nam##2200000za#4500 |
| 001 | 9.662485 |
| 003 | CaOODSP |
| 005 | 20210615120558 |
| 007 | ta |
| 008 | 150407|2000||||xxc||||| f|0| 0 eng|d |
| 020 | |a0-662-65464-1 |
| 040 | |aCaOODSP|beng |
| 041 | |aeng |
| 041 | |afre |
| 043 | |an-cn--- |
| 086 | 1 |aSC94-80/2001 |
| 110 | 1 |aCanada.|bCanadian Centre for Management Development. |
| 245 | 10|aHorizontality and public management : |bfinal report to the Canadian Centre for Management Development, the Leadership Network, the Federal Regional Council-Quebec and the École nationale d'administration publique / |cby Jacques Bourgault and René Lapierre. |
| 260 | |aOttawa - Ontario : |bCanadian Centre for Management Development |c2000. |
| 300 | |aEnglish text, vi, 36p. : |c28 cm. |
| 500 | |anull |
| 504 | |aBibliography. |
| 546 | |aBilingual |
| 563 | |aRing binding |
| 590 | |a02-04|b2002-01-25 |
| 690 | 07|aManagement|2gcpds |
| 690 | 07|aPublic service|2gcpds |
| 720 | 1 |aBourgault, Jacques |
| 720 | 1 |aLapierre, René |
| 776 | 0#|tHorizontalité et gestion publique : |w(CaOODSP)9.640022 |
| 776 | 0#|tHorizontality and public management : |w(CaOODSP)9.695902 |
| 792 | |tHorizontalité et gestion publique : |efre|w(CaOODSP)9.662486 |